| 000 | 00495nam a2200157 a 4500 | ||
|---|---|---|---|
| 005 | 20140412111226.0 | ||
| 008 | 000825s19uu xx 00 eng d | ||
| 020 | _a1-85854-189-1 | ||
| 050 |
_aTR(PS E _bCo83 1995 |
||
| 245 |
_aCount with me 123 : _ba lift-the-flap book / _cillustrated by Fiona Redmond. |
||
| 260 |
_aEngland : _bBrimax Books Ltd, _c1995. |
||
| 300 | _a1 v. (unp.) ; ill. | ||
| 650 |
_aCounting _xJuvenile literature |
||
| 650 | _aNumbers--Juvenile literature | ||
| 999 |
_c102047 _d102047 |
||